Estructuras de datos

Bibliographic Details
Main Authors: Cairo, Osvaldo, Guardati, Silva
Format: Section = Libro
Language:Undetermined
Spanish
Published: México México 2002
Edition:2a.ed
Subjects:
LEADER 00660nam a2200253Ia 4500
008 240830s9999 xx 000 0 und d
020 |a 970-10-3534-8 
040 |a B-ESTELÍ- RUACS / 005.73 C136 
041 |a spa 
082 |a 005.73 C136  
100 1 |a Cairo, Osvaldo 
100 1 |b  Guardati, Silva 
245 1 0 |a Estructuras de datos 
250 |a 2a.ed 
260 |a México  |b México  |c 2002 
300 |a 458 p. :il 
650 7 |a ESTRUCTURAS DE DATOS 
650 7 |b  ESTRUCTURAS NI LINEALES 
650 7 |c  PILAS, COLAS 
650 7 |d  RECURSION, ARBOLES, GRAFICAS 
650 7 |e MÉTODOS DE ORDENACION. 
942 |c BK  |2 ddc 
991 |a TEXTO 
999 |c 10594